Nueva Ortografía para trabajar en el aula (Record no. 685)

MARC details
000 -CABECERA
campo de control de longitud fija 00948nam a22002774c 4500
003 - IDENTIFICADOR DE NUMERO DE CONTROL
campo de control AR-BaSMT
008 - CAMPOS DE LONGITUD FIJA
campo de control de longitud fija 230327b2014 ag |||frib|| 001 0 spa d
020 ## - ISBN: Indicadores indefinidos
Número ISBN 9789876023177
040 ## - FUENTE DE CATALOGACION
Agencia de catalogación original BSGB
Idioma de catalogación español
Agencia que realiza la transcripción BSGB
Convenciones de la descripción rda
041 0# - CODIGO DE IDIOMA
Código idioma spa
Idioma original español
080 ## - CDU
CDU completo 37
100 1# - PUNTO DE ACCESO PRINCIPAL
Nombre de persona Pérez Moreno, Elena
Enlace autoridades 510
245 1# - MENCION DE TITULO
Título Nueva Ortografía para trabajar en el aula
250 ## - MENCION DE EDICION
Mención de edición Primera edición
264 ## - PRODUCCIÓN, PUBLICACIÓN, DISTRIBUCIÓN, ETC.
Lugar de publicación, etc. Córdoba;
Nombre editor. Comunic-Arte,
Fecha 2014.
300 ## - DESCRIPCION FISICA
Extensión 88 páginas
336 ## - TIPO DE CONTENIDO
rdacontent rdacontent
texto texto
txt txt
337 ## - TIPO DE MEDIO
rdamedia rdamedia
sin mediación sin mediación
n n
338 ## - TIPO DE SOPORTE
rdacarrier rdacarrier
volumen volumen
nc nc
490 ## - TÍTULO DE LA SERIE
Título de la serie Lengua y discurso
505 ## - NOTA DE CONTENIDO CON FORMATO
Volcar toda la info, nivel básico, Indicadores 8 y # Copitulo 1: Acentuación -- 13<br/>Capítulo 2: Usos de b, v y w -- 29<br/>Capítulo 3: Usos de s, c y z -- 43<br/>Capítulo 4: Usos de j, g y H -- 61<br/>Capítulo 5: Signos de puntuación -- 75
521 ## - NOTA DE PÚBLICO DESTINATARIO
Nota de audiencia Público general
700 1# - PUNTO DE ACCESO ADICIONAL – NOMBRE DE PERSONA
Apellido, Nombre Valera, Irma de
Títulos u otras palabras asociadas con el nombre Autora
Enlace autoridades 511
942 ## - ELEMENTOS AGREGADOS (KOHA)
CDU Clasificación Decimal Dewey
Tipo de ítem Libros
Holdings
Disponible Perdido Fuente de clasificación Estado Ubicación permanente Locación actual Estante o sala Fuente de adquisición Número de inventario Total préstamos Signatura topográfica Código de barras Numero de ejemplar Tipo de item de Koha Calificador de localización códificado
    Clasificación Decimal Dewey   Biblioteca Susana G. De Batemarco Biblioteca Susana G. De Batemarco Literatura Secundaria Donación 001067   802 PER 001067 1 Libros  

Powered by Koha